100 affiches de Paul Colin

Saved in:
Bibliographic Details
Main Author: Rennert, Jack (Author)
Format: Book
Language:French
Published: París Chêne 1977
Subjects:
Tags: Add Tag
No Tags, Be the first to tag this record!

MARC

LEADER 00000nam a2200000 a 4500
001 UCO4884
003 CL-VaPUC
008 000825e19770000FR |||||||||||||||||fre|d
082 0 4 |a 741.674  |b REN  |2 21 
100 0 |a Rennert, Jack  |e author  |9 449550 
245 1 0 |a 100 affiches de Paul Colin 
300 |a 112 p 
942 |c BK 
945 |d 20000825 00:00:00  |a crobeson 
260 |a París  |b Chêne  |c 1977 
650 0 |a Afiches  |9 268947 
650 0 |a Arte publicitario  |9 266185 
650 0 |a Material visual  |9 327831 
650 0 |a Artes gráficas  |9 265865 
583 |a last modification  |c 20000825 00:00:00  |k Rodrigo Vera 
999 |c 290849  |d 290847 
952 |0 0  |1 0  |4 0  |6 741_674000000000000_REN_1977  |7 0  |8 A  |9 340458  |a BIBART  |b BIBART  |d 2019-11-20  |i 1216317  |o 741.674 REN 1977  |p 1216317  |r 2025-03-13  |w 2019-11-20  |y BK  |k ART